Java & XML /(E-BOOK) (Record no. 191545)
[ view plain ]
| 000 -LEADER | |
|---|---|
| fixed length control field | 01727 a2200265 4500 |
| 003 - CONTROL NUMBER IDENTIFIER | |
| control field | Nust |
| 005 - DATE AND TIME OF LATEST TRANSACTION | |
| control field | 20170207154018.0 |
| 010 ## - LIBRARY OF CONGRESS CONTROL NUMBER | |
| LC control number | 2002328511 |
| 020 ## - INTERNATIONAL STANDARD BOOK NUMBER | |
| International Standard Book Number | 0596001975 |
| 040 ## - CATALOGING SOURCE | |
| Transcribing agency | Nust |
| 082 00 - DEWEY DECIMAL CLASSIFICATION NUMBER | |
| Classification number | 005.72 |
| 100 1# - MAIN ENTRY--PERSONAL NAME | |
| Personal name | McLaughlin, Brett. |
| 245 10 - TITLE STATEMENT | |
| Title | Java & XML /(E-BOOK) |
| Statement of responsibility, etc. | Brett McLaughlin. |
| 250 ## - EDITION STATEMENT | |
| Edition statement | 2nd ed. |
| 260 ## - PUBLICATION, DISTRIBUTION, ETC. | |
| Place of publication, distribution, etc. | Sebastopol, CA : |
| -- | Cambridge : |
| Name of publisher, distributor, etc. | O'Reilly, |
| Date of publication, distribution, etc. | 2001. |
| 300 ## - PHYSICAL DESCRIPTION | |
| Extent | xv, 509 : |
| Other physical details | ill. ; |
| Dimensions | 24 cm. |
| 505 ## - FORMATTED CONTENTS NOTE | |
| Formatted contents note | Introduction (Page- 11) Nuts and (Page-17) SAX (Page-39) Advanced SAX (Page- 67) DOM (Page- 90) Advanced DO (Page-107) JDOM (Page-137) Advanced JDOM (Page- 162) JAXP (Page-184) Web Publishing Frameworks (P a g e-202) XML-RPC (Page-237) ) SOAP(Page- 265) Web Service (Page-288) Content Syndication(Page- 308) Looking Forward ( P a g e - 360) Introduction (Page- 11) Nuts and (Page-17) SAX (Page-39) Advanced SAX (Page- 67) DOM (Page- 90) Advanced DO (Page-107) JDOM (Page-137) Advanced JDOM (Page- 162) JAXP (Page-184) Web Publishing Frameworks (P a g e-202) XML-RPC (Page-237) ) SOAP(Page- 265) Web Service (Page-288) Content Syndication(Page- 308) Looking Forward ( P a g e - 360) |
| 650 #0 - SUBJECT ADDED ENTRY--TOPICAL TERM | |
| Topical term or geographic name entry element | Java (Computer program language) |
| 650 #0 - SUBJECT ADDED ENTRY--TOPICAL TERM | |
| Topical term or geographic name entry element | Web publishing. |
| 650 #0 - SUBJECT ADDED ENTRY--TOPICAL TERM | |
| Topical term or geographic name entry element | XML (Document markup language) |
| 651 ## - SUBJECT ADDED ENTRY--GEOGRAPHIC NAME | |
| Geographic name | Java & XML /(E-BOOK) |
| 856 42 - ELECTRONIC LOCATION AND ACCESS | |
| Materials specified | Contributor biographical information |
| Uniform Resource Identifier | <a href="http://www.loc.gov/catdir/enhancements/fy0913/2002328511-b.html">http://www.loc.gov/catdir/enhancements/fy0913/2002328511-b.html</a> |
| 856 42 - ELECTRONIC LOCATION AND ACCESS | |
| Materials specified | Publisher description |
| Uniform Resource Identifier | <a href="http://www.loc.gov/catdir/enhancements/fy0915/2002328511-d.html">http://www.loc.gov/catdir/enhancements/fy0915/2002328511-d.html</a> |
| 856 42 - ELECTRONIC LOCATION AND ACCESS | |
| Materials specified | Table of contents only |
| Uniform Resource Identifier | <a href="http://www.loc.gov/catdir/enhancements/fy1009/2002328511-t.html">http://www.loc.gov/catdir/enhancements/fy1009/2002328511-t.html</a> |
| 942 ## - ADDED ENTRY ELEMENTS (KOHA) | |
| Source of classification or shelving scheme | |
| Koha item type | Book |
| Withdrawn status | Lost status | Source of classification or shelving scheme | Damaged status | Not for loan | Collection code | Permanent Location | Current Location | Date acquired | Total Checkouts | Full call number | Barcode | Date last seen | Price effective from | Koha item type |
|---|---|---|---|---|---|---|---|---|---|---|---|---|---|---|
| Military College of Signals (MCS) | Military College of Signals (MCS) | 12/12/2016 | 005.72 LAU | MCSEB-255 | 12/08/2016 | 12/12/2016 | Book |
